Vũ trụ trong hạt dẻ

Đã lưu trong:
Bibliografiske detaljer
Hovedforfatter: Hawking, Stephen
Format: Bog
Sprog:Undetermined
Udgivet: Thành phố Hồ Chí Minh Trẻ 2004
Fag:
Tags: Tilføj Tag
Ingen Tags, Vær først til at tagge denne postø!
Thư viện lưu trữ: Trung tâm Học liệu Trường Đại học Cần Thơ
LEADER 00560nam a2200193Ia 4500
001 CTU_74751
008 210402s9999 xx 000 0 und d
020 |c 27000 
082 |a 530.11 
082 |b H392 
100 |a Hawking, Stephen 
245 0 |a Vũ trụ trong hạt dẻ 
245 0 |c Stephen Hawking, Nguyễn Tiến Dũng, Vũ Hồng Nam 
260 |a Thành phố Hồ Chí Minh 
260 |b Trẻ 
260 |c 2004 
650 |a Relativity ( physics ) 
904 |i Năm 
980 |a Trung tâm Học liệu Trường Đại học Cần Thơ